[Event "IECC CL4-2012.02 email"]
[Site "IECC email"]
[Date "2012.03.26"]
[Round "?"]
[White "Anev, Rosko"]
[Black "Hargreaves, John Richard"]
[Result "1-0"]
[WhiteElo "1794"]
[BlackElo "1667"]
[PlyCount "103"]
[EventDate "2012.??.??"]
[EventType "tourn (corr)"]
[EventRounds "4"]
[SourceTitle "Telechess CBM 165"]
[Source "ChessBase"]
[SourceDate "2015.03.11"]
[SourceVersion "1"]
[SourceVersionDate "2015.03.11"]
[SourceQuality "1"]
[WhiteTeam "Bulgaria"]
[BlackTeam "England"]
[WhiteTeamCountry "BUL"]
[BlackTeamCountry "ENG"]

1. e4 e5 2. Nf3 Nc6 3. Bc4 Nf6 4. d3 Bb4+ 5. c3 Be7 6. 0-0 0-0 7. Re1 d6 8. Bb3 Na5 9. Bc2 c5 10. a3 Nc6 11. h3 Bd7 12. Nbd2 Be6 13. b4 a6 14. Bb3 b5 15. Bxe6 fxe6 16. Qb3 Qd7 17. bxc5 dxc5 18. a4 Na5 19. Qa2 Bd6 20. Nb3 Nxb3 21. Qxb3 Rab8 22. axb5 axb5 23. d4 c4 24. Qc2 Qc7 25. Ra6 Nd7 26. Ng5 Rbe8 27. d5 Nc5 28. Rc6 Qe7 29. Qd1 Qd7 30. Ba3 Qa7 31. Rf1 Qxa3 32. Rxd6 Qxc3 33. dxe6 Re7 34. Qd5 Nd3 35. Rd8 Qa5 36. Rxf8+ Kxf8 37. Rb1 Qb6 38. Kh2 Nc5 39. Nxh7+ Kg8 40. Ng5 Kf8 41. f4 Nd3 42. Rxb5 Qc7 43. f5 Nf4 44. Qa8+ Re8 45. Nh7+ Ke7 46. Qa3+ Kd8 47. Ng5 Rxe6 48. Nxe6+ Nxe6 49. fxe6 Ke8 50. Qb4 Qd8 51. Rb7 c3 52. Rf7 1-0

[Event "IECC CL4-2012.02 email"]
[Site "IECC email"]
[Date "2012.03.26"]
[Round "?"]
[White "Bennett, Gary"]
[Black "Anev, Rosko"]
[Result "0-1"]
[WhiteElo "1651"]
[BlackElo "1804"]
[PlyCount "84"]
[EventDate "2012.??.??"]
[EventType "tourn (corr)"]
[EventRounds "4"]
[SourceTitle "Telechess CBM 165"]
[Source "ChessBase"]
[SourceDate "2015.03.11"]
[SourceVersion "1"]
[SourceVersionDate "2015.03.11"]
[SourceQuality "1"]
[WhiteTeam "Australia"]
[BlackTeam "Bulgaria"]
[WhiteTeamCountry "AUS"]
[BlackTeamCountry "BUL"]

1. e4 e5 2. Nf3 Nc6 3. Bc4 Bc5 4. c3 Nf6 5. d4 exd4 6. cxd4 Bb4+ 7. Bd2 Bxd2+ 8. Nbxd2 d5 9. exd5 Nxd5 10. Qe2+ Be6 11. 0-0 0-0 12. Rfe1 Re8 13. Nb3 Nf4 14. Qf1 Bxc4 15. Rxe8+ Qxe8 16. Qxc4 Qd7 17. Re1 Qg4 18. Qf1 a5 19. Kh1 Rd8 20. h3 Qf5 21. Qc4 Qg6 22. Qf1 h6 23. Rd1 Qf5 24. Kh2 Rd6 25. Nbd2 Nxd4 26. Nxd4 Rxd4 27. Nf3 Rxd1 28. Qxd1 Nd3 29. Qe2 b6 30. Qc2 Qf4+ 31. Kg1 Qc1+ 32. Qxc1 Nxc1 33. a3 Kf8 34. Kf1 a4 35. Ne1 Ke7 36. f4 Ke6 37. Kf2 Kd5 38. Ke3 Nb3 39. g4 Na5 40. Kd3 Nc4 41. Kc3 Ne3 42. Kd3 Nd1 0-1